01378nam a2200277 a 4500001001000000005001700010008004100027041000800068044000700076084002100083100004500104245009500149260003600244300002200280500016300302500015100465500010700616500007000723500001000793650005200803650005600855650003400911650004500945700006000990740005001050BRCA_250120190320203836.0241108s1853----sp-a---###---#000-0dspa-u aspa asp a139b.R478c18531 aCervantes Saavedra, Miguel ded1547-161610aEl Ingenioso Hidalgo Don Quijote de la Manchaccompuesto por Miguel de Cervantes Saavedra. aMadridbJosé Repullésc1853 a2 v.bil.c27 cm. aContenido : v 2. Segunda parte. Dedicatoria del autor. Prólogo del autor. Texto. Pauta y explicación de las estampas. Breve vida de Cervantes por Pellicer aEdición : Nueva edición, ilstrada con las notas de Pellicer, y adornada con láminas finas, bajo la dirección de Francisco Bonosio Piferrer aEdición enteramente igal al LO-138. Semipiel; lomeras decoradas con adornos dorados Lúdovik Osterc aExistencias : El ejemplar descrito sólo presenta el volúmen 2 aQMB7914aNovela españolayÉpoca clásica, 1500-170014aLiteratura españolayÉpoca clásica, 1500-170014aNovela españolaySiglo XVII14aDon Quijote (Personaje ficticio)eNovela1 aPellicer y Pilares, Juan Antoniod1738-1806eBiógrafo0 aEl Ingenioso Hidalgo Don Quijote de la Mancha